Norman Foster : arquitectura para el mundo /

Guardat en:
Dades bibliogràfiques
Autor principal: Foster, Norman (arquitecto)
Altres autors: Ortiz Monsalve, Viviana (texto) (texto), Ortiz, Isabel (dirección editorial) (dirección editorial)
Format: Llibre
Idioma:anglès
Publicat: Madrid, España : Tikal, copyright fecha no identificada
Col·lecció:(Tikal Arquitectum)
Matèries:
Etiquetes: Afegir etiqueta
Sense etiquetes, Sigues el primer a etiquetar aquest registre!

MARC

LEADER 00000nam^a2200000^a^4500
001 000349777
005 20250521000000.0
009 20260310114921.662
020 |a 978-84-9928-178-0 
037 |a Acervo ITESO - Biblioteca 
041 |a ING 
082 |a 720. 942  |b FOS ORT 
100 |a Foster, Norman  |e (arquitecto) 
245 1 0 |a Norman Foster :  |b arquitectura para el mundo /  |c N. Foster ; texto de V. Ortiz Monsalve ; dir. editorial de I. Ortiz. 
246 2 |a Título en la cubierta: Norman Foster 
264 4 |a Madrid, España :  |b Tikal,  |c copyright fecha no identificada 
300 |a 246 p. 
336 |a texto  |b txt  |2 rdacontenido 
337 |a sin mediación  |b n  |2 rdamedio 
338 |a volumen  |b nc  |2 rdasoporte 
440 1 |a (Tikal Arquitectum) 
545 0 |a La arquitectura de Norman Foster (Manchester, 1945) es una de las más destacadas manifestaciones del llamado "high-tech", caracterizado por explorar estética y técnicamente las virtudes de las innovaciones tecnológicas. Toda la primera etapa de su trabajo la desarrolló dentro del famoso Team 4, formado por Foster, Wendy Cheesman, Richard Rogers y Sue Rogers. Obtuvo el Premio Pritzker y la Medalla de Oro del Royal Institute of British Architects; fue nombrado Sir en 1990. Algunos de sus trabajos son: La Fábrica Reliance Controls, las Oficinas de Willis Faber Dumas en Ipswich, el Centro de Artes Plásticas de Sainsbury, el Banco de Shanghai y Hong Kong y la Terminal del Aeropuerto de Stansted. 
586 |a Mies van der Rohe Award 1990 
586 |a Premio Pritzker 1999 
586 |a Premio Príncipe de Asturias de las Artes 2009 
649 |a XX 
650 |a Arquitectos Ingleses 
650 |a Artistas Ingleses 
650 |a High-Tech (Arquitectura) -  |x Historia y Crítica 
650 |a Arquitectura (Tendencias Recientes) -  |x Historia y Crítica 
650 |a Arquitectura Inglesa -  |y Siglo XX 
650 |a Arquitectura Inglesa -  |y Siglo XXI 
650 |a Arquitectura Inglesa -  |x Historia y Crítica 
650 |a Arte (Tendencias Recientes) -  |x Historia y Crítica 
650 |a Arte Inglés -  |y Siglo XX 
650 |a Arte Inglés -  |y Siglo XXI 
650 |a Arte Inglés -  |x Historia y Crítica 
650 |a Foster, Norman -  |x Tema Principal 
700 |a Ortiz Monsalve, Viviana  |e (texto) 
700 |a Ortiz, Isabel  |e (dirección editorial) 
910 |a Fondo General 
920 |a Impresos - Libros 
930 |a Reserva Especial 
905 |a 103 
901 |a 0500239945  |b IT1  |c REE  |i C142087  |u 20250521 
902 |a https://opac.biblio.iteso.mx/vufind/Record/000349777